It looks like you're offline.
Open Library logo
additional options menu

MARC record from Internet Archive

LEADER: 00554cam a2200169 a 4500
001 a7b40391c61b4b3581e0eec000b98020
003 UK-BiTAL
005 20050705120609.0
008 930324s1987 xxk | 000 ||eng|d
020 $a0002197693
035 $a()0002197693
040 $dNB$dUK-BiTAL
100 1 $aPerrins, Christopher.
245 00 $aCollins new generation guide to the birds of Britain and Europe /$cChristopher Perrins ; general editor Sir DavidAttenborough.
260 $aLondon :$bCollins,$c1987.
300 $a320p. :$bill. ;$c20 cm.
500 $aIncludes index.